"Invention of Tradition" im post-sozialistischen Ungarn
| Titel: | "Invention of Tradition" im post-sozialistischen Ungarn : Neue Feste und Bräuche - Beispiele aus einer Dokumentation |
|---|---|
| Verfasser: | |
| In: |
Jahrbuch für deutsche und osteuropäische Volkskunde, Band 49 (2007), Seite 57-76, 15 Abb. alle Artikel anzeigen |
| Veröffentlicht: | 2007 |
| Format: | Aufsatz |
| Sprache: | Deutsch |
X
alg: 39226312 001A $01999:11-11-16 001B $01999:16-05-21 $t20:26:10.000 001C $06050:19-11-16 $t09:40:17.000 001D $01999:11-11-16 001U $0utf8 001X $00 002@ $0Aox 003@ $0392263122 007A $0392263122 $aHEB 007T $0Herdc0049594m 010@ $ager 011@ $a2007 021A $a"Invention of Tradition" im post-sozialistischen Ungarn $dNeue Feste und Bräuche - Beispiele aus einer Dokumentation 028A $aSchell $dCsilla 031A $d49 $h57-76, 15 Abb. $j2007 039B $aIn $8--Abvc--. Jahrbuch für deutsche und osteuropäische Volkskunde. - Münster, Westf. ; New York, NY : Waxmann, 1995-2017. - ISSN 0949-3409 $x200700000490000943 $9048660175 045F $a390.09439 $eDDC23BSB 045F/01 $a390 045F/03 $g439 045T $aSKA $qDE-11 $2FID 045T $a7,20 045T $aGER $qDE-30 $2FID lok: 39226312 78 exp: 39226312 78 1 #EPN 201B/01 $019-04-17 $t11:07:56.000 201U/01 $0utf8 203@/01 $0788359614 208@/01 $a11-11-16 $be 209A/01 $a/ $f000 $x00 220C/01 $aTitelaufnehmer: gk 220C/01 $aHerkunft: HI Marburg 244Z/01 $2Trx $#Ungari $#Vengrija $#Ungārija $#Ungarn $#Hungary $#Węgry $#Maďarsko $#Maďarsko $#Uhorsko $#Uhersko;Uhry $8--Trx--Magyarország $x01 $9391197150 244Z/01 $aGeschichte 1989-2006 $x02 244Z/01 $2Trx $#etnograafia üldine $#etnografija bendras $#ethnography general $#néprajz általános $#etnografia ogólnie $#etnografia všeobecne $#etnografie všeobecně $#Ethnographie $#kultura ludowa $#národopis $#národopis $#kultura lidová $8--Trx--Volkskunde$gallgemein $x03 $9391362054 244Z/01 $2Trx $#pidustused $#šventės $#Celebrations $#ünnepek $#uroczystości $#slávnosti, sviatky $#slavnosti $8--Trx--Feste $x04 $939136636X 244Z/01 $2Trx $#kombestik $#papročiai $#Traditions $#hagyomány $#obrzędy i zwyczaje ludowe $#zvyky ľudové $#zvyky lidové $#Sitten und Bräuche $#obrady $8--Trx--Brauchtum $x05 $9391369725 244Z/01 $2Trx $8--Trx--Zeitschriftenaufsatz $x06 $9391384341 245Z/01 $a11.02 $x01 247C/01 $82080>Marburg/Lahn, Herder-Institut, Forschungsbibliothek, Bibliographieportal $9336309341
| LEADER | 00000caa a22000002c 4500 | ||
|---|---|---|---|
| 001 | 392263122 | ||
| 003 | DE-603 | ||
| 005 | 20210516202610.0 | ||
| 007 | tu | ||
| 008 | 161111s2007 xx |||| | u00||u|ger c | ||
| 035 | |a (DE-599)HEB392263122 | ||
| 040 | |a DE-603 |b ger |c DE-603 |d DE-603 | ||
| 041 | |a ger | ||
| 082 | 0 | 4 | |8 1\u |a 390.09439 |q DE-101 |2 23/BSB |
| 084 | |a SKA |q DE-11 |2 fid | ||
| 084 | |a 7,20 |2 ssgn | ||
| 084 | |a GER |q DE-30 |2 fid | ||
| 085 | |8 1\u |b 390 | ||
| 085 | |8 1\u |z 2 |s 439 | ||
| 100 | 1 | |a Schell, Csilla | |
| 245 | 0 | 0 | |a "Invention of Tradition" im post-sozialistischen Ungarn |b Neue Feste und Bräuche - Beispiele aus einer Dokumentation |
| 264 | 0 | |c 2007 | |
| 773 | 0 | 8 | |i In |t Jahrbuch für deutsche und osteuropäische Volkskunde |d Münster, Westf. ; New York, NY : Waxmann, 1995-2017 |h 21 cm |x 0949-3409 |g Band 49 (2007), Seite 57-76, 15 Abb. |w (DE-603)048660175 |w (DE-600)1235585-9 |
| 924 | 0 | |9 2080 |a (DE-603)788359614 |b DE-2080 |c HES |d d |g / | |


